Gaming Quiz

Random Gaming or Pokémon Quiz

First Stage Evolution Pokémon (Gen 1) Quiz Stats

Quiz Updated Sep 1, 2016

Challenge
Share
Tweet
Embed
Score 0/16 Timer 04:00
10 Plays Today
Third Stage Pokémon First Stage Pokémon % Correct
CharizardCharmander
97.4%
PidgeotPidgey
96.2%
BlastoiseSquirtle
95.9%
VenusaurBulbasaur
95.8%
AlakazamAbra
95.1%
NidoqueenNidoran♀
94.4%
NidokingNidoran♂
94.4%
ButterfreeCaterpie
92.7%
Third Stage Pokémon First Stage Pokémon % Correct
BeedrillWeedle
92.4%
MachampMachop
91.7%
PoliwrathPoliwag
91.4%
GolemGeodude
90.1%
DragoniteDratini
89.5%
GengarGastly
88.8%
VileplumeOddish
87.2%
VictreebelBellsprout
87.2%

You're not logged in!

Compare scores with friends on all Sporcle quizzes.
Sign Up with Email
OR
Log In

You Might Also Like...

Show Comments

Extras

Top Quizzes Today


Score Distribution

Your Account Isn't Verified!

In order to create a playlist on Sporcle, you need to verify the email address you used during registration. Go to your Sporcle Settings to finish the process.